Retalls de premsa vigatana 1803/2000 / Miquel Codina i Genís ; col·laboradors: Josep M. Vivet i Falcó, Montserrat Teixidó i Florit Josep M. Vivet i Falcó, Montserrat Teixidó i Florit
Descripción Física:
492 p. : il. ; 25 cm
Materias:
Premsa -- Vic -- 1803/2000
MARC
| LEADER | 00000nam a2200000Ia 4500 | ||
|---|---|---|---|
| 001 | 12645 | ||
| 008 | 160829s2000 xx 000 0 cat d | ||
| 080 | |a O-1-15 | ||
| 100 | |a Codina Genís, Miquel |9 27725 | ||
| 245 | |a Retalls de premsa vigatana 1803/2000 / Miquel Codina i Genís ; col·laboradors: |b Josep M. Vivet i Falcó, Montserrat Teixidó i Florit | ||
| 260 | |a Vic : |b Prosa, |c 2000 | ||
| 300 | |a 492 p. : |b il. ; |c 25 cm | ||
| 650 | |a Premsa |x Vic |x 1803/2000 |9 27726 | ||
| 700 | |a Vivet Falcó, Josep M. |9 27727 | ||
| 700 | |a Teixidó Florit, Montserrat |9 27728 | ||
| 901 | |a Arxiu | ||
| 942 | |n 1 | ||
| 952 | |0 0 |1 0 |4 0 |6 O115 |7 1 |9 44525 |a Arxiu |b Arxiu |d 2016-12-01 |l 0 |o O-1-15 |p 12645 |r 2016-12-01 00:00:00 |w 2016-12-01 |y ARXIU | ||
| 999 | |c 47106 |d 47106 | ||